00525 2200193 4500001002100000005001500021035002000036245004300056100002900099300002500128264004100153336002100194337003000215338002300245082001200268084001800280020002200298990001100320INLIS00000000000123920220718010302 a0010-07220000201 aAyah dan sirkus pohon /candrea hirata0 aandrea hirataePengarang a194 :bilus ;c21 cm ayogyakarta :bbentang pustaka,c2021 2rdacontentateks 2rdamediaatanpa perantara 2rdacarrieravolume a899.221 a899.221 AND a a978-602-291-661-1 a22.661